|
|
|
|
| LEADER |
00000nam a22000007a 4500 |
| 003 |
CL-VaPUC |
| 005 |
20211214171831.0 |
| 008 |
200122b ||||| |||| 00| 0 eng d |
| 999 |
|
|
|c 379570
|d 379568
|
| 020 |
|
|
|a 9788430954438
|
| 040 |
|
|
|c Pontificia Universidad Católica de Valparaíso
|
| 041 |
0 |
|
|a spa
|
| 082 |
|
|
|a 174.9 SAV 2012
|
| 100 |
1 |
|
|a Savulescu, Julian
|9 611735
|
| 245 |
1 |
0 |
|a ¿Decisiones peligrosas?
|b Una bioética desafiante
|
| 260 |
3 |
|
|a Madrid, España
|b Tecnos
|c 2012
|
| 300 |
|
|
|a 340 páginas
|
| 505 |
0 |
|
|a I. Beneficencia procreativa: por qué debemos seleccionar los mejores niños. II. La lotería de las células madre embrionarias y la canibalización de los seres humanos. III. Por qué deberíamos permitir el uso de drogas que mejoran el rendimiento deportivo. IV. Autonomía, vida buena y elecciones controvertidas. V. Neurociencia del amor y del matrimonio: la química que hay entre nosotros. VI. Los peligros de la mejora cognitiva y el urgente imperativo de mejorar el carácter moral de la humanidad. VII. Mejora genética. VIII. Animales modificados geneticamente:¿debe haber límites para la ingeniería genética en el reino animal?
|
| 583 |
|
|
|c 20200122
|k Daniel Castañeda
|
| 650 |
0 |
0 |
|a Vida humana
|9 334108
|
| 650 |
0 |
0 |
|a Bioética
|9 256117
|
| 650 |
0 |
0 |
|a Etica profesional
|9 255694
|
| 942 |
|
|
|2 ddc
|c BK
|
| 952 |
|
|
|0 0
|1 0
|2 ddc
|4 0
|6 174_900000000000000_SAV_2012
|7 0
|8 A
|9 500150
|a BIBTEO
|b BIBTEO
|d 2020-01-22
|i 5615488
|l 3
|o 174.9 SAV 2012
|p 5615488
|r 2025-01-17
|s 2020-03-06
|t 1
|w 2020-01-22
|y BK
|k ICR
|